| 000 | 00433nam a2200181Ia 4500 | ||
|---|---|---|---|
| 008 | 170918s9999 xx 000 0 und d | ||
| 020 | _a9781416590842 | ||
| 050 | _bG448mi 1988 | ||
| 100 | _aGibson, William | ||
| 245 | 4 | _aThe miracle worker / | |
| 245 | _cplay by William Gibson. | ||
| 260 | _aNew York : | ||
| 260 | _bScribner, | ||
| 260 | _c1988 | ||
| 300 | _a112 pages : | ||
| 300 | _billustrations ; | ||
| 300 | _c20cm. | ||
| 999 |
_c343985 _d343985 |
||